| 000 | 00783nam a22002777a 4500 | ||
|---|---|---|---|
| 001 | BR9903729 | ||
| 003 | BR-BrBNA | ||
| 005 | 20230928100415.0 | ||
| 007 | ta | ||
| 008 | 230509b bl.||||| |||| 00| 0 por d | ||
| 040 |
_aBR-BrBNA _bpor _cBiblioteca Nacional de Agricultura |
||
| 041 | _a(Por) | ||
| 072 |
_aL01; E14 _b7100 |
||
| 090 | _ 7100 BR9903729 | ||
| 110 | 1 |
_aCentro de Apoio a Pequena e Media Empresa do Estado do Piaui, Teresina (Brasil) _91443 |
|
| 245 | 1 | _aPrograma de incentivo a apicultura no semi-arido piauiense | |
| 260 | 3 |
_aTeresina, PI (Brasil): _c1984. |
|
| 300 | _a27 p. | ||
| 500 | _a12 tables | ||
| 650 | _aAbelha | ||
| 650 | _aApicultura | ||
| 650 | _aProjeto Agricola | ||
| 650 | _aPiaui | ||
| 909 |
_a202309 _bLucia _c55 _dLucia Elande |
||
| 942 | _cBK | ||
| 999 |
_c61214 _d61214 |
||